000 00456cam a22001217a 4500
008 180718b1960 xxu||||| |||| 00| 0 eng d
082 _aP504x42 Un3
100 _aby University Grants Committee
245 _aMethods used by universities of contracting and of recording and controlling expenditure
_cby Her Majesty's Stationery Office
260 _aLondon
_bHer Majesty's Stationery Office
_c1960
300 _a27p.
700 _aHer Majesty's Stationery Office
999 _c416644
_d416644